000 00624nam a22001817a 4500
999 _c329018
_d329018
003 Nust
005 20170420160456.0
008 170420b xxu||||| |||| 00| 0 eng d
020 _a817158263x
040 _c0
082 _a363.731 TRI
245 _aEnvironmental Industrial Pollution Control (Vol-5)
_cEditor by prof P.R.Trivedi
260 _aNew Delhi
_bAkashdeep Publishing House
_c1992
300 _a1219-1526p.
_bH.B
500 _aH.B
942 _2ddc
_cBK
_k363.731 TRI